000 00767nam a2200229Ia 4500
005 20260430150736.0
008 008 250103s9999 xx 000 0 hin d
037 _aTheses
040 _aCRL
040 _bhin
040 _chin
041 _2hin
041 _ahin
084 _qCRL
100 _aमीणा, राजवीर सिंह, ले.
_9865094
245 0 _aस्वतंत्रता पूर्व महिला लेखन में अभिव्यक्त स्त्री प्रश्न
260 _c2022
300 _a384पृ0
700 _aदिल्ली विश्वविद्यालय. कला संकाय. हिन्दी विभाग
942 _cTH
999 _c1850551
_d1850551